| 000 | 00449cam a2200193ua 4500 | ||
|---|---|---|---|
| 001 | 7280 | ||
| 008 | 141205n ii |||gr||||Z||||||ben | ||
| 020 | _a9844640927 | ||
| 040 | _cMAIN | ||
| 041 | _aben | ||
| 082 | _a891.444 | ||
| 100 |
_aClinton, H.R., _eAuthor. |
||
| 245 | 1 |
_aLiving history _cBy Hillary Rodham Clinton |
|
| 250 | _a1st. | ||
| 260 |
_aCalcutta: _bAnkur, _c2003. |
||
| 300 | _a368p. | ||
| 653 | _aBengali literature | ||
| 942 | _cBK | ||
| 999 |
_c6405 _d6405 |
||